LEADER 01247nam0 22003251i 450 001 RML0299671 005 20231121125742.0 010 $a882046327X 100 $a20121121d1990 ||||0itac50 ba 101 | $aita 102 $ait 181 1$6z01$ai $bxxxe 182 1$6z01$an 200 1 $aBiotecnologie e agricolture alternative$estrategie e contraddizioni nella societą agricola contemporanea$fGiampaolo Catelli 210 $aMilano $cFrancoAngeli $d©1990 215 $a128 p.$d22 cm 225 | $aCollana di sociologia $v158 410 0$1001RML0329513$12001 $aCollana di sociologia $v158 606 $aSociologia rurale$2FIR$3CFIC006976$9I 606 $aAgricoltura$xProcessi innovativi$2FIR$3RMLC416679$9I 676 $a306.3$9$v21 700 1$aCatelli$b, Giampaolo$3RMLV182873$083310 801 3$aIT$bIT-01$c20121121 850 $aIT-FR0017 899 $aBiblioteca umanistica Giorgio Aprea$bFR0017 912 $aRML0299671 950 0$aBiblioteca umanistica Giorgio Aprea$d 52CIS 9/1823$e 52VM 0000696285 VM barcode:00061084. - Inventario:521 SASVM$fA $h20070620$i20121204 977 $a 52 996 $aBiotecnologie e agricolture alternative$93629657 997 $aUNICAS LEADER 01157nam0 22003251i 450 001 RML0239900 005 20231121125706.0 010 $a0712675604 100 $a20121121d1995 ||||0itac50 ba 101 | $aeng 102 $agb 181 1$6z01$ai $bxxxe 182 1$6z01$an 200 1 $aHow to Read the Financial Pages$fMichael Brett 205 $afourth edition 210 $aLondon $cCentury LTD $d1995 215 $a407 p.$cfig. e tab.$d22 cm 300 $aInclude glossario e indice 606 $aFinanza$2FIR$3RMLC065300$9E 606 $aQuotazioni finanziarie$xsezione giornali$2FIR$3RMLC377295$9I 676 $a332.6$9$v20 700 1$aBRETT$b, Michael$3RMLV153440$0408977 801 3$aIT$bIT-01$c20121121 850 $aIT-FR0098 899 $aBiblioteca Area Giuridico Economica$bFR0098 912 $aRML0239900 950 0$aBiblioteca Area Giuridico Economica$d 53TER 332.6/4$e 53VM 0000089335 VM barcode:ECO009755. - Inventario:4330. - Fondo:Sala consultazioneVM$fA $h19991215$i20121204 977 $a 53 996 $aHow to Read the Financial Pages$93620716 997 $aUNICAS